Largest American Country not Bordering previously listed ones - Statistics

General Stats
  • This quiz has been taken 67 times
  • The average score is 15 of 20
Answer Stats
RANK COUNTRY % Correct
1 Can{ada}
100%
3 M{exico}
100%
2 Br{azil}
98%
4 Chile
93%
5 Ecuador
83%
6 Nicaragua
81%
7 Cuba
80%
9 Dominican Republic
76%
8 Panama
74%
10 El Salvador
72%
11 Bahamas
70%
17 Barbados
70%
20 Saint Kitts and Nevis
70%
15 Saint Lucia
70%
13 Trinidad and Tobago
70%
16 Antigua and Barbuda
69%
12 Jamaica
69%
18 Saint Vincent and the Grenadines
69%
19 Grenada
67%
14 Dominica
63%
No matching quizzes found
Score Distribution
Percent of People with Each Score
Percentile by Number Answered
Your Score History
You have not taken this quiz